000 01301mam a2200301 a 4500
001 3365009
005 20220326193303.0
008 010214s2000 sp a c 000 0 spa d
020 _a8480269693
035 _a(OCoLC)ocm46331181
040 _aPL#
_cPL#
_dIBZ
_dCLU
043 _as-cl---
082 _a708
_bM986ma
090 _aTR646.L29
_bM37 2000
110 _aMuseo Nacional Centro de Arte Reina Sofia
_91491
245 0 0 _aMás allá del documento :
_bMuseo Nacional Centro de Arte Reina Sofía, 12/XII/00-12/II/01.
260 _a[Spain] :
_bEl Museo,
_cc2000.
300 _a254 p. :
_bill. (some col.) ;
_c28 cm.
500 _aCatalog of one of five exhibitions collectively called 'Versiones del Sur'.
505 _tMas alla del Documento: una Introducción
_rMónica Amor - Octavio Zaya
_tPerturbación del Archivo
_rCharles Merewether
_tAntes de ir más allá
_rMargaret Sundell
_tMarc Ferrez, algo más que vistas
_rFernando Azevedo
650 0 _aPhotography, Artistic
_vExhibitions.
_91562
650 0 _aPhotography
_zLatin America
_vExhibitions.
_91563
650 0 _aPhotographers
_zLatin America
_vExhibitions.
_91564
653 _aFotografía
_aAmérica Latina
_aExposiciones.
710 2 _aMuseo Nacional Centro de Arte Reina Sofía.
_91491
740 0 _aVersiones del Sur.
999 _c331
_d331